Understanding the Filipino worker and organization / (Record no. 364036)
[ view plain ]
| 000 -LEADER | |
|---|---|
| fixed length control field | 00527nam a2200133Ia 4500 |
| 008 - FIXED-LENGTH DATA ELEMENTS--GENERAL INFORMATION | |
| fixed length control field | 200903s9999 xx 000 0 und d |
| 020 ## - INTERNATIONAL STANDARD BOOK NUMBER | |
| International Standard Book Number | 978-971-550-789-9 |
| 245 ## - TITLE STATEMENT | |
| Statement of responsibility, etc | Edited by: Ma. Regina Hechanova, Mendiola Teng- Calleja, Vanessa C. Villaluz.-- |
| Title | Understanding the Filipino worker and organization / |
| 250 ## - EDITION STATEMENT | |
| Edition statement | 2nd ed. |
| 260 ## - PUBLICATION, DISTRIBUTION, ETC. (IMPRINT) | |
| Place of publication, distribution, etc | Quezon City : |
| Name of publisher, distributor, etc | Ateneo de Manila University Press |
| Date of publication, distribution, etc | 2017 |
| 300 ## - PHYSICAL DESCRIPTION | |
| Extent | xviii , 449 pages : |
| Other physical details | illustration ; |
| Dimensions | 25 cm. |
| 650 ## - SUBJECT ADDED ENTRY--TOPICAL TERM | |
| Topical term or geographic name as entry element | Organizational behavior |
| 650 ## - SUBJECT ADDED ENTRY--TOPICAL TERM | |
| Topical term or geographic name as entry element | Organizational change |
| Withdrawn status | Lost status | Damaged status | Home library | Current library | Shelving location | Date acquired | Source of acquisition | Total Checkouts | Full call number | Barcode | Date last seen | Date checked out | Price effective from | Koha item type |
|---|---|---|---|---|---|---|---|---|---|---|---|---|---|---|
| College Library | College Library | Filipiniana Section | 09/03/2020 | Library Fund | 1 | HD 58.7 .Un55 2017 | C22169 | 06/10/2023 | 06/02/2023 | 09/03/2020 | Books |